| 000 | 00364nam a2200145Ia 4500 | ||
|---|---|---|---|
| 008 | 191201s1995 xx 000 0 und d | ||
| 082 |
_a687.15 _bMAT |
||
| 100 | _aMARTIZ, Linette | ||
| 245 | 0 | _aTracksuits and Casual Wear with your over Licker | |
| 250 | _a1st | ||
| 260 |
_aN.Delhi _bNew Holland _c1995 |
||
| 300 | _a96 | ||
| 650 | _aB.Tech(TE) | ||
| 942 |
_2ddc _cBK |
||
| 999 |
_c2616 _d2616 |
||